| 000 | 00721nam a2200241Ia 4500 | ||
|---|---|---|---|
| 008 | 160319s9999 xx 000 0 und d | ||
| 020 | _a971-574-038-3 | ||
| 050 | _aFIL QA 154.3 | ||
| 050 | _b.N63 2001 | ||
| 100 | _aNocon, Ferdinand P. | ||
| 245 | _aEssentials of college algebra / | ||
| 245 | _cFerdinand P. Nocon, Joel T. Torrecampo, Loreta B. Torrecampo. | ||
| 260 | _aQuezon City: | ||
| 260 | _bKatha Pub. Co., Inc., | ||
| 260 | _c2001 | ||
| 300 | _a273 pages : | ||
| 300 | _billustrations ; | ||
| 300 | _c25 cm. | ||
| 500 | _aIncludes bibliographical references. | ||
| 650 | _aAlgebra -- Problems, exercises, etc. | ||
| 650 | _aAlgebra -- Study and teaching. | ||
| 650 | _xAlgebra -- Textbooks. | ||
| 999 |
_c291824 _d291824 |
||